Casa, cuerpo : la poesía de Blanca Varela frente al espejo /

Uloženo v:
Podrobná bibliografie
Hlavní autor: Fernández Cozman, Camilo (autor)
Médium: Kniha
Jazyk:španělština
Vydáno: Lima, Perú : Universidad San Ignacio de Loyola, 2012, c2012
Vydání:1a edición, 1a reimpresión
Témata:
Tagy: Přidat tag
Žádné tagy, Buďte první, kdo vytvoří štítek k tomuto záznamu!

MARC

LEADER 00000nam^a2200000^a^4500
001 000436687
005 20250521000000.0
009 20260310123202.063
020 |a 978-9972-748-13-4 
037 |a Acervo ITESO - Biblioteca 
041 |a ESP 
082 |a 860. 985063  |b FER 
100 |a Fernández Cozman, Camilo  |e (autor) 
245 1 0 |a Casa, cuerpo :  |b la poesía de Blanca Varela frente al espejo /  |c C. Fernández Cozman. 
250 |a 1a edición, 1a reimpresión 
264 4 |a Lima, Perú :  |b Universidad San Ignacio de Loyola,  |c 2012, c2012 
300 |a 197 p. 
336 |a texto  |b txt  |2 rdacontenido 
337 |a sin mediación  |b n  |2 rdamedio 
338 |a volumen  |b nc  |2 rdasoporte 
521 |a FIL 2021 DIA 
649 |a XX 
650 |a Escritores Peruanos 
650 |a Mujeres Peruanas 
650 |a Poesía Peruana -  |x Historia y Crítica 
650 |a Literatura de Mujeres -  |z Perú -  |x Historia y Crítica 
650 |a Literatura Peruana -  |x Historia y Crítica 
650 |a Literatura Peruana -  |y Siglo XX 
650 |a Varela, Blanca -  |x Tema Principal 
910 |a Fondo General 
920 |a Impresos - Libros 
930 |a Colección General 
940 |a Literatura 
905 |a 101 
901 |a 0500350410  |b IT1  |c LIT  |i C176744  |u 20250521 
902 |a https://opac.biblio.iteso.mx/vufind/Record/000436687